Peter Pan Franchise - Statistics

General Stats
  • This quiz has been taken 46 times
  • The average score is 7 of 85
Answer Stats
Type Year Name Info % Correct
Theater 1999 Peter Pan Disney on Ice
94%
Film 1953 Peter Pan Disney
94%
Film 2003 Peter Pan Universal
94%
Film TBA Peter Pan Disney
94%
Theater 1904 Peter Pan; or, the Boy Who Wouldn't Grow Up J.M. Barrie
94%
Film 2002 Return to Never Land Disney
53%
TV Show 2011-2016 Jake and the Never Land Pirates Disney Junior / Disney Channel
35%
TV Show 2011-2018 Once Upon a Time ABC
35%
Novel 1911 Peter and Wendy J.M. Barrie
35%
Film 2008 Tinker Bell Disney
29%
Film 2014 The Pirate Fairy Disney
18%
Video Game 2002 Peter Pan: Adventures in Never Land Sony
12%
Theme Park Attraction 1955 Peter Pan's Flight Various
12%
Children's Book 2008 A Fairy Tale Apple Jordan
6%
Theme Park Attraction 1989-2015 Back to Never Land Disney World
6%
Theme Park Attraction 2012 Following the Leader with Peter Pan Disneyland Paris
6%
Video Game 2005 Peter Pan: The Legend of Never Land Sony
6%
Theme Park Attraction 2008 Pixie Hollow Various
6%
Video Game 2008 Pixie Hollow Disney
6%
Film 2012 Secret of the Wings Disney
6%
Children's Book 2010 A Dozen Fairy Dresses Tennant Redbank
0%
Children's Book 2011 A Fairy Frost Tennant Redbank
0%
Children's Book 2009 A Game of Hide-and-Seek Tennant Redbank
0%
Children's Book 2006 A Masterpiece for Bess Lara Bergen
0%
Children's Book 2006 A Poem for Tink Walt Disney Company
0%
Children's Book 2012 Art Lessons by Bess Lara Bergen
0%
Children's Book 2006 Back Beyond the Sea Kimberly Morris
0%
Children's Book 2006 Beck and the Great Berry Battle Laura Driscoll
0%
Children's Book 2010 Beck's Bunny Secret Tennant Redbank
0%
Children's Book 2015 Disney Fairies: Meet Fawn the Animal-Talent Fairy Celeste Sisler
0%
Children's Book 2015 Disney Fairies: Meet Nyx the Scout Fairy Walt Disney Company
0%
Children's Book 2014 Disney Fairies: Meet Periwinkle Celeste Sisler
0%
Children's Book 2015 Disney Fairies: Meet Rosetta Celeste Sisler
0%
Children's Book 2015 Disney Fairies: Meet Silvermist Celeste Sisler
0%
Children's Book 2014 Disney Fairies: Meet Tinker Bell Celeste Sisler
0%
Children's Book 2014 Disney Fairies: Meet Vidia Celeste Sisler
0%
Children's Book 2014 Disney Fairies: Meet Zarina the Pirate Fairy Lucy Rosen
0%
Children's Book 2014 Disney Fairies: Pixie Hollow Reading Adventures Walt Disney Company
0%
Children's Book 2014 Disney Fairies: The Pirate Fairy: Reusable Sticker Book Walt Disney Company
0%
Children's Book 2014 Disney Fairies: The Pirate Fairy: Wake Up, Croc! Kirsten Mayer
0%
Children's Book 2007 Dulcie's Taste of Magic Gail Herman
0%
Children's Book 2007 Fairies in Flight Andrea Posner-Sanchez
0%
Children's Book 2008 Fawn and the Mysterious Trickster Laura Driscoll
0%
Children's Book 2006 Fira and the Full Moon Gail Herman
0%
Children's Book 2011 Four Clues for Rani Catherine Daly
0%
Children's Book 2006 In the Realm of the Never Fairies: The Secret World of Pixie Hollow Monique Peterson
0%
Children's Book 2009 Iridessa, Lost at Sea Lisa Papademetriou
0%
TV Show 2014 Jake's Buccaneer Blast Netflix
0%
TV Show 2013 Jake's Never Land Pirate School Disney Junior
0%
Children's Book 2010 Lily in Full Bloom Laura Driscoll
0%
Children's Book 2006 Lily's Pesky Plant Kirsten Larsen
0%
TV Show 2012 Mama Hook Knows Best! Disney Junior
0%
Children's Book 2010 Myka Finds Her Way Gail Herman
0%
Children's Book 2006 Mysterious Messages Tennant Redbank
0%
Children's Book 2012 New Friends Kitty Richards
0%
TV Special 2011 Pixie Hollow Games Disney
0%
Children's Book 2009 Pixie Hollow Paint Day Tennant Redbank
0%
TV Show 2012 Playing with Skully Disney Junior
0%
Children's Book 2011 Please Don't Feed the Tiger Lily! Tennant Redbank
0%
Children's Book 2006 Prilla and the Butterfly Lie Kitty Richards
0%
Children's Book 2006 Prilla's Prize Lisa Papademetriou
0%
Children's Book 2007 Queen Clarion's Secret Kimberly Morris
0%
Children's Book 2005 Rani in the Mermaid Lagoon Lisa Papademetriou
0%
Children's Book 2007 Rosetta's Daring Day Lisa Papademetriou
0%
Children's Book 2012 Rosetta's Dress Mess Laura Driscoll
0%
Children's Book 2006 Secret Fairy Homes Judith Clarke
0%
Children's Book 2007 Silvermist and the Ladybug Curse Gail Herman
0%
Children's Book 2007 The Disappearing Sun Tennant Redbank
0%
Children's Book 2008 The Fairy Berry Bake-Off Daisy Alberto
0%
Children's Book 2008 The Great Fairy Race Tennant Redbank
0%
Children's Book 2007 The Shell Gift Tennant Redbank
0%
Children's Book 2005 The Trouble with Tink Kiki Thorpe
0%
Film 2010 Tinker Bell and the Great Fairy Rescue Disney
0%
Film 2014 Tinker Bell and the Legend of the NeverBeast Disney
0%
Film 2009 Tinker Bell and the Lost Treasure Disney
0%
Children's Book 2006 Tinker Bell Takes Charge Eleanor Fremont
0%
Children's Book 2011 Tink in a Fairy Tix Kiki Thorpe
0%
Children's Book 2007 Tink, North of Never Land Kiki Thorpe
0%
Children's Book 2009 Tink's Treasure Hunt Melissa Lagonegro
0%
Children's Book 2011 Trill Changes Her Tune Gail Herman
0%
Children's Book 2005 Vidia and the Fairy Crown Laura Driscoll
0%
Children's Book 2010 Vidia Meets Her Match Kiki Thorpe
0%
Children's Book 2010 Vidia Takes Charge Melissa Lagonegro
0%
Board Game 1953 Walt Disney's Peter Pan: A Game of Adventure Transogram Company
0%
Children's Book 2012 Welcome to Pixie Hollow Calliope Glass
0%
No matching quizzes found
Score Distribution
Percent of People with Each Score
Percentile by Number Answered
Your Score History
You have not taken this quiz